Città anagrammate #3 - Statistics

Statistiche generali
  • Questo quiz è stato fatto 85 volte
  • Il punteggio medio è 8 su 20
Statistiche sulle risposte
Hint Risposta % Corretto
SSSIIA Assisi
80%
IORETVO Orvieto
70%
NEAZAF Faenza
69%
IOGNLOF Foligno
64%
ANTLIA Latina
61%
LGRHAEO Alghero
52%
RIOGIAZ Gorizia
49%
CGAHGIOI Chioggia
43%
OVTEREOR Rovereto
43%
ONRFTPOIO Portofino
41%
LAAMIF Amalfi
39%
OPPEMI Pompei
39%
LAMSAAR Marsala
34%
ONVVAGEI Vigevano
30%
MLIAO Imola
28%
TOUNSI Ostuni
28%
TONOSERR Sorrento
21%
AESMNOR Sanremo
15%
OERNCICI Riccione
11%
MORILENACI Moncalieri
3%
Nessun quiz corrispondente trovato
Distribuzione punteggi
Percentuale di utenti per punteggio
Percentile per numero di risposta
I tuoi punteggi nel tempo
Non hai fatto questo quiz